| 000 | 00551nam a22001817a 4500 | ||
|---|---|---|---|
| 008 | 120721t xxu||||| |||| 00| 0 spa d | ||
| 020 | _a978-84-975649-9-1 | ||
| 040 |
_aAR-FvUNAJ _dAR-FvUNAJ _eaacr2 |
||
| 082 | 1 | 4 |
_214 _a604.2 |
| 100 | 1 |
_aFélez, Jesús _9129 |
|
| 245 | 1 | 0 |
_aIngeniería gráfica y diseño / _cJesús Félez, María Luisa Martínez. |
| 260 |
_aMadrid : _bSíntesis, _c2008 |
||
| 300 | _a869 p. | ||
| 650 | 1 | 7 |
_2unescot _aDIBUJO TECNICO _9128 |
| 650 | 1 | 4 |
_aPROGRAMA CAD _9130 |
| 700 | 1 |
_921979 _aMartínez, María Luisa |
|
| 942 |
_2ddc _cLIBRO |
||
| 999 |
_c40 _d40 |
||
| 980 |
_82 _gVirginia Figueroa |
||